[Event "IECC CL4-2001.26"]
[Site "IECC email"]
[Date "2001.07.31"]
[Round "?"]
[White "Washburn, David"]
[Black "Lalonde, Michel"]
[Result "1-0"]
[WhiteElo "1556"]
[BlackElo "1669"]
[PlyCount "107"]
[EventDate "2001.??.??"]
[EventType "tourn (corr)"]
[EventRounds "4"]
[SourceTitle "Corr 2008"]
[Source "ChessBase"]
[SourceDate "2008.06.24"]
[SourceVersion "1"]
[SourceVersionDate "2008.06.24"]
[SourceQuality "1"]

1. g3 d5 2. f4 Nf6 3. d3 Bg4 4. Bg2 Nc6 5. c3 e5 6. fxe5 Nxe5 7. Bf4 Bd6 8. Qa4+ c6 9. Nf3 Nxf3+ 10. exf3 Qe7+ 11. Kf2 Be6 12. Re1 0-0 13. Bh3 Rfe8 14. Bxe6 fxe6 15. Bxd6 Qxd6 16. Nd2 Rf8 17. Kg2 Rf7 18. Re2 e5 19. Rae1 Nd7 20. Qg4 Raf8 21. b4 Nf6 22. Qg5 Nd7 23. a3 Rf5 24. Qe3 Qg6 25. Qxa7 Rh5 26. Qxb7 Qe6 27. Kg1 Rg5 28. a4 h5 29. a5 h4 30. g4 h3 31. Rf2 Rxg4+ 32. Kf1 Rgf4 33. a6 Qg6 34. Ke2 e4 35. Qxd7 e3 36. Kxe3 R4f7 37. Qxh3 Re8+ 38. Ne4 dxe4 39. dxe4 Qg5+ 40. f4 Qd5 41. Kf3 Qc4 42. Kg2 Qxa6 43. e5 Qc4 44. Qf3 Rf5 45. Re4 Qe6 46. Rd4 Ref8 47. Rd6 Qe7 48. Qg4 Qf7 49. Rf3 Qc4 50. Kh3 Rxf4 51. Rxf4 Rxf4 52. Rd8+ Kf7 53. Qh5+ Ke7 54. Qe8# 1-0

[Event "IECC CL4-2001.18"]
[Site "IECC email"]
[Date "2001.06.13"]
[Round "?"]
[White "Lalonde, Michel"]
[Black "Carothers, Charles"]
[Result "0-1"]
[WhiteElo "1645"]
[BlackElo "1623"]
[PlyCount "20"]
[EventDate "2001.??.??"]
[EventType "tourn (corr)"]
[EventRounds "4"]
[SourceTitle "Corr 2008"]
[Source "ChessBase"]
[SourceDate "2008.06.24"]
[SourceVersion "1"]
[SourceVersionDate "2008.06.24"]
[SourceQuality "1"]

1. f4 e5 2. fxe5 d6 3. exd6 Bxd6 4. Nf3 g5 5. e4 g4 6. Nd4 Qh4+ 7. Ke2 g3 8. Kd3 Nf6 9. Nc3 Ng4 10. Qf3 Ne5+ 0-1

[Event "IECC KO email"]
[Site "IECC email"]
[Date "1999.10.06"]
[Round "?"]
[White "Lalonde, Michel"]
[Black "Hakuc, Waclaw"]
[Result "0-1"]
[WhiteElo "1684"]
[BlackElo "1787"]
[PlyCount "120"]
[EventDate "1999.??.??"]
[EventType "tourn (corr)"]
[EventRounds "6"]
[SourceTitle "Corr 2008"]
[Source "ChessBase"]
[SourceDate "2008.06.24"]
[SourceVersion "1"]
[SourceVersionDate "2008.06.24"]
[SourceQuality "1"]

1. f4 d5 2. e3 Nf6 3. Nf3 Bg4 4. b3 e6 5. Bb2 Bd6 6. Bd3 0-0 7. 0-0 Nc6 8. h3 Bxf3 9. Qxf3 Nb4 10. Nc3 Nxd3 11. cxd3 c6 12. Qg3 Nh5 13. Qg4 Nf6 14. Qg3 Qe7 15. Rad1 Rad8 16. Ne2 Rfe8 17. Be5 c5 18. Nc3 a6 19. d4 cxd4 20. Bxd4 Rc8 21. d3 b5 22. Rc1 Ba3 23. Rcd1 Rc6 24. Nb1 Bc5 25. Rc1 Rec8 26. Bb2 b4 27. Rfe1 Nh5 28. Qf3 Qh4 29. g4 Nf6 30. g5 Nh5 31. Kh2 Bd6 32. Rxc6 Rxc6 33. Re2 Qxg5 34. Qg4 Qxg4 35. hxg4 Nf6 36. Kg3 Nd7 37. e4 g5 38. e5 gxf4+ 39. Kxf4 Bc7 40. Kf3 Kg7 41. g5 Kg6 42. Kf4 Bd8 43. Rg2 a5 44. d4 Be7 45. Kg3 Bxg5 46. Nd2 Rc2 47. Nf3 Rxg2+ 48. Kxg2 f6 49. exf6 Bxf6 50. Kf2 Kf5 51. a3 bxa3 52. Bxa3 Ke4 53. Bb2 Kd3 54. Bc1 Nb8 55. Ne1+ Kc3 56. Ke2 Nc6 57. Nf3 h5 58. Bd2+ Kxb3 59. Kd3 a4 60. Bc3 Nb4+ 0-1

[Event "IECC CL4-1999.34"]
[Site "IECC email"]
[Date "1999.08.30"]
[Round "?"]
[White "Shim Ng Min, Francis"]
[Black "Lalonde, Michel"]
[Result "1/2-1/2"]
[WhiteElo "1607"]
[BlackElo "1730"]
[PlyCount "56"]
[EventDate "1999.??.??"]
[EventType "tourn (corr)"]
[EventRounds "4"]
[SourceTitle "Corr 2008"]
[Source "ChessBase"]
[SourceDate "2008.06.24"]
[SourceVersion "1"]
[SourceVersionDate "2008.06.24"]
[SourceQuality "1"]

1. e4 c6 2. Nc3 d5 3. Qf3 d4 4. Bc4 Nf6 5. e5 Nbd7 6. exf6 Ne5 7. Qg3 exf6 8. Bb3 dxc3 9. dxc3 a5 10. a4 Bg4 11. Be3 h5 12. h3 h4 13. Qf4 g5 14. Qe4 Bh5 15. Bxg5 fxg5 16. Qxe5+ Qe7 17. Qxe7+ Bxe7 18. Bc4 0-0-0 19. Ne2 Bc5 20. 0-0 Bg6 21. Nd4 Bxd4 22. cxd4 Rxd4 23. Bb3 Rd2 24. Rac1 Re8 25. Rfd1 Ree2 26. Rxd2 Rxd2 27. Kf1 Kc7 28. Ke1 Rd8 1/2-1/2

[Event "IECC CL3-1999.26"]
[Site "IECC email"]
[Date "1999.07.04"]
[Round "?"]
[White "Lalonde, Michel"]
[Black "Miralles Lopez, Rogelio"]
[Result "1/2-1/2"]
[WhiteElo "1643"]
[BlackElo "1800"]
[PlyCount "142"]
[EventDate "1999.??.??"]
[EventType "tourn (corr)"]
[EventRounds "4"]
[SourceTitle "Corr 2008"]
[Source "ChessBase"]
[SourceDate "2008.06.24"]
[SourceVersion "1"]
[SourceVersionDate "2008.06.24"]
[SourceQuality "1"]

1. f4 d5 2. d3 Bf5 3. Nc3 Nf6 4. h3 Nh5 5. g4 Ng3 6. Rh2 Nxf1 7. Kxf1 Bc8 8. Nf3 h5 9. e4 hxg4 10. hxg4 Rxh2 11. Nxh2 dxe4 12. Nxe4 Nc6 13. Qe2 e5 14. fxe5 Nxe5 15. Bf4 f6 16. Re1 Qd5 17. Nc3 Qc5 18. Qe4 Kf7 19. Kg2 Qc6 20. Bxe5 fxe5 21. Qxc6 bxc6 22. Rxe5 Rb8 23. b3 Bd6 24. Rg5 Rb7 25. Ne4 Bf4 26. Rc5 Bxh2 27. Kxh2 Bxg4 28. Rxc6 Bd7 29. Ra6 Bb5 30. Ng5+ Kf8 31. Ra5 Ke7 32. d4 Bd7 33. Ne4 c6 34. c3 Kd8 35. Nd6 Rc7 36. Re5 Bg4 37. Kg3 Bd1 38. Ne4 Rd7 39. b4 Bc2 40. Nc5 Rf7 41. a4 Bd1 42. Re1 Bh5 43. Re3 Rf6 44. Re5 Bd1 45. Re6 Rxe6 46. Nxe6+ Ke7 47. Nc5 Be2 48. Kf4 Kd6 49. Ke3 Bf1 50. Kf2 Bc4 51. a5 Bb5 52. Ke3 Kd5 53. Ne4 Bf1 54. Ng5 Kc4 55. Kd2 Bg2 56. Nf7 Kd5 57. Kd3 Ke6 58. Ne5 g5 59. Ke3 Kf5 60. a6 Ke6 61. c4 Kd6 62. Kf2 Be4 63. Nf7+ Kc7 64. Ke3 Bg2 65. Nxg5 Bf1 66. c5 Bxa6 67. Ne6+ Kd7 68. Nf4 Bc4 69. Ke4 a6 70. Ke5 Bf7 71. d5 cxd5 1/2-1/2

[Event "IECC KO email"]
[Site "IECC email"]
[Date "1999.05.23"]
[Round "?"]
[White "Lalonde, Michel"]
[Black "Polaszek, Arkadiusz"]
[Result "1/2-1/2"]
[WhiteElo "1657"]
[BlackElo "1866"]
[PlyCount "62"]
[EventDate "1999.??.??"]
[EventType "tourn (corr)"]
[EventRounds "6"]
[SourceTitle "Corr 2008"]
[Source "ChessBase"]
[SourceDate "2008.06.24"]
[SourceVersion "1"]
[SourceVersionDate "2008.06.24"]
[SourceQuality "1"]

1. f4 d5 2. b3 e5 3. fxe5 Qh4+ 4. g3 Qd4 5. Nc3 Qxe5 6. Nf3 Qd6 7. e4 dxe4 8. Nxe4 Qe7 9. Qe2 Be6 10. Bb2 Nc6 11. Bg2 Bd5 12. Nh4 f6 13. Nf5 Qe6 14. 0-0 0-0-0 15. d3 Nge7 16. Ne3 Bxe4 17. dxe4 h5 18. Rad1 h4 19. Rxd8+ Nxd8 20. gxh4 Rxh4 21. e5 Ng6 22. Bd5 Qh3 23. Rf3 Qd7 24. exf6 Bc5 25. c4 gxf6 26. Bxf6 Nf4 27. Qd2 Nxd5 28. Qxd5 Qxd5 29. cxd5 Rh6 30. Bc3 Rh5 31. Kg2 Rg5+ 1/2-1/2

[Event "IECC CL4-1999.15"]
[Site "IECC email"]
[Date "1999.03.06"]
[Round "?"]
[White "Coulter, Douglas"]
[Black "Lalonde, Michel"]
[Result "0-1"]
[WhiteElo "1676"]
[BlackElo "1636"]
[PlyCount "62"]
[EventDate "1999.??.??"]
[EventType "tourn (corr)"]
[EventRounds "4"]
[SourceTitle "Corr 2008"]
[Source "ChessBase"]
[SourceDate "2008.06.24"]
[SourceVersion "1"]
[SourceVersionDate "2008.06.24"]
[SourceQuality "1"]

1. d4 c5 2. d5 e6 3. Nc3 Nf6 4. e4 d6 5. Nf3 exd5 6. exd5 Be7 7. Be2 Nbd7 8. 0-0 0-0 9. Re1 Re8 10. a4 Nf8 11. Nd2 Ng6 12. Nc4 Bf5 13. Ne3 Bd7 14. b3 Rc8 15. Bb2 Qb6 16. Nc4 Qc7 17. Bf1 a6 18. a5 Ng4 19. h3 N4e5 20. Ne4 Nxc4 21. Bxc4 f5 22. Ng3 Rf8 23. Nh5 Rf7 24. Qf3 Bg5 25. Ng3 Bd2 26. Re2 Bxa5 27. Bd3 Rcf8 28. Nf1 b5 29. c4 Ne5 30. Bxe5 dxe5 31. Bc2 Rf6 0-1

[Event "IECC CL4-1999.15"]
[Site "IECC email"]
[Date "1999.03.06"]
[Round "?"]
[White "Kriechel, Ben"]
[Black "Lalonde, Michel"]
[Result "1-0"]
[WhiteElo "1715"]
[BlackElo "1678"]
[PlyCount "101"]
[EventDate "1999.??.??"]
[EventType "tourn (corr)"]
[EventRounds "4"]
[SourceTitle "Corr 2008"]
[Source "ChessBase"]
[SourceDate "2008.06.24"]
[SourceVersion "1"]
[SourceVersionDate "2008.06.24"]
[SourceQuality "1"]

1. e4 c6 2. d4 d6 3. Nc3 Nf6 4. f4 Qa5 5. Bd3 e5 6. dxe5 dxe5 7. f5 Nbd7 8. Nf3 Nc5 9. Nxe5 Ncxe4 10. Nc4 Nxc3 11. Nxa5 Nxd1 12. Kxd1 Bb4 13. Bd2 Bxd2 14. Kxd2 0-0 15. Rae1 c5 16. Re7 Rd8 17. Kc1 Nd5 18. Re5 Nb4 19. Be4 Rb8 20. a3 Na6 21. Bd3 Nc7 22. Rxc5 Nd5 23. Re1 Nf4 24. Re7 Rf8 25. Be4 b6 26. Nc6 bxc5 27. Nxb8 Bxf5 28. Bxf5 Rxb8 29. g3 Nd5 30. Rxa7 Ne3 31. Bd3 c4 32. Be2 Rd8 33. a4 Kf8 34. b4 cxb3 35. cxb3 Rb8 36. Kb2 Rd8 37. Bb5 Rc8 38. a5 Rb8 39. Ba6 Rd8 40. Kc3 Nd5+ 41. Kc4 Ne3+ 42. Kc5 Rd5+ 43. Kb6 Rd6+ 44. Kc7 Rd2 45. h4 Nf5 46. Bb5 g6 47. a6 Ra2 48. Rb7 Nd4 49. Bc4 Nf5 50. a7 Kg7 51. Kb8 1-0

[Event "IECC M email"]
[Site "IECC email"]
[Date "1998.10.20"]
[Round "?"]
[White "Athens, Jim"]
[Black "Lalonde, Michel"]
[Result "0-1"]
[WhiteElo "1686"]
[BlackElo "1585"]
[PlyCount "126"]
[EventDate "1998.??.??"]
[EventType "tourn (corr)"]
[EventRounds "12"]
[SourceTitle "Corr 2008"]
[Source "ChessBase"]
[SourceDate "2008.06.24"]
[SourceVersion "1"]
[SourceVersionDate "2008.06.24"]
[SourceQuality "1"]

1. Nf3 d6 2. d4 Nf6 3. c4 Nbd7 4. Nc3 e5 5. e4 Be7 6. Be3 Ng4 7. c5 dxc5 8. dxe5 Nxe3 9. fxe3 0-0 10. Qb3 Nb6 11. Nd5 Be6 12. Nxe7+ Qxe7 13. Qc2 Rad8 14. b3 Bg4 15. Be2 Rfe8 16. 0-0 Nd7 17. Rac1 Bxf3 18. Rxf3 Nxe5 19. Rf2 b6 20. Rcf1 Rd7 21. Qc3 c6 22. Rf5 f6 23. Rc1 Red8 24. Rc2 Qe6 25. h3 g6 26. Rf4 Kg7 27. Qb2 Nd3 28. Bxd3 Rxd3 29. Rcf2 Rd1+ 30. Kh2 Rf8 31. h4 Rdd8 32. g4 h6 33. g5 hxg5 34. hxg5 Rh8+ 35. Kg1 Rd1+ 36. Rf1 Rxf1+ 37. Rxf1 Qg4+ 38. Qg2 Qxg5 39. Qxg5 fxg5 40. Rd1 Re8 41. Rd7+ Kf6 42. Rxa7 Rxe4 43. Rc7 Rxe3 44. Rxc6+ Re6 45. Rc7 Rd6 46. a4 g4 47. a5 bxa5 48. Rxc5 Rd3 49. Rxa5 Rxb3 50. Kg2 Rf3 51. Ra6+ Kg5 52. Ra5+ Kh4 53. Ra6 Rg3+ 54. Kh2 Rd3 55. Rxg6 Rd2+ 56. Kg1 Kg3 57. Kf1 Rd1+ 58. Ke2 Rg1 59. Rg7 Kh2 60. Rh7+ Kg2 61. Rg7 g3 62. Ke3 Rf1 63. Ke2 Rf2+ 0-1

[Event "IECC CL5-1998.22"]
[Site "IECC email"]
[Date "1998.10.20"]
[Round "?"]
[White "Lalonde, Michel"]
[Black "Hambaro, Frank"]
[Result "1-0"]
[WhiteElo "1650"]
[BlackElo "1498"]
[PlyCount "77"]
[EventDate "1998.??.??"]
[EventType "tourn (corr)"]
[EventRounds "4"]
[SourceTitle "Corr 2008"]
[Source "ChessBase"]
[SourceDate "2008.06.24"]
[SourceVersion "1"]
[SourceVersionDate "2008.06.24"]
[SourceQuality "1"]

1. e4 c5 2. c3 d5 3. exd5 Qxd5 4. Nf3 Nf6 5. d4 e6 6. Na3 Qd8 7. Bb5+ Bd7 8. dxc5 Bxc5 9. b4 Be7 10. 0-0 a6 11. Bxd7+ Nbxd7 12. Qb3 Qc7 13. c4 0-0 14. Bb2 Ne4 15. Rfe1 Ndf6 16. Qc2 Nd6 17. c5 Nf5 18. Be5 Qc6 19. Nc4 Nd5 20. Bc3 Rfd8 21. Bd2 Rac8 22. Rad1 b6 23. Nce5 Qc7 24. g4 Nd6 25. Rc1 Nb7 26. c6 Nd6 27. g5 Nf5 28. Qe4 Bd6 29. a4 Qe7 30. c7 Re8 31. g6 hxg6 32. Bg5 Nf6 33. Qb7 Bxc7 34. Red1 Bxe5 35. Qxc8 Rxc8 36. Rxc8+ Kh7 37. Nxe5 Nd6 38. Rxd6 Qxd6 39. Rh8+ 1-0

[Event "IECC Quad-633 email"]
[Site "IECC email"]
[Date "1998.10.20"]
[Round "?"]
[White "Montalta, Benedikt"]
[Black "Lalonde, Michel"]
[Result "1-0"]
[WhiteElo "1851"]
[BlackElo "1550"]
[PlyCount "73"]
[EventDate "1998.??.??"]
[EventType "tourn (corr)"]
[EventRounds "6"]
[SourceTitle "Corr 2008"]
[Source "ChessBase"]
[SourceDate "2008.06.24"]
[SourceVersion "1"]
[SourceVersionDate "2008.06.24"]
[SourceQuality "1"]

1. Nf3 d5 2. d4 Nf6 3. c4 c6 4. Nc3 Bf5 5. cxd5 cxd5 6. Qb3 b6 7. Bf4 Nc6 8. Ne5 Nxe5 9. Bxe5 e6 10. Nb5 Rc8 11. Nxa7 Rc2 12. Bxf6 Qxf6 13. Qb5+ Ke7 14. Nc6+ Rxc6 15. Qxc6 Qxd4 16. Qb5 Kf6 17. a3 Bc5 18. e3 Qe4 19. Rd1 Qh4 20. Bd3 Bg4 21. Rb1 e5 22. 0-0 Rd8 23. b4 Bd7 24. Qa6 Bd6 25. Qxb6 Ke7 26. Qb7 e4 27. g3 Qh5 28. Bb5 Ke6 29. Bc6 Bxc6 30. Qxc6 Rd7 31. b5 Rc7 32. Qe8+ Kf6 33. b6 Re7 34. Qd8 Qe5 35. b7 Bb8 36. Rfc1 Kf5 37. Rc5 1-0